书目信息 |
| 题名: |
苏联对外经济贸易基本统计
|
|
| 作者: | ;对外贸易部国际贸易研究所 编 | |
| 分册: | 1954-1975 | |
| 出版信息: | 北京 人民出版社 1977 |
|
| 页数: | 239页 | |
| 开本: | 19cm | |
| 丛书名: | ||
| 单 册: | ||
| 中图分类: | F75 | |
| 科图分类: | ||
| 主题词: | 对外贸易--苏联 | |
| 电子资源: | ||
| ISBN: | ||
| 000 | 00748nam0 2200229 45 | |
| 001 | 0186000580 | |
| 005 | 20060801150454.20 | |
| 010 | @dCNY0.74 | |
| 091 | @aCN@b4321.37 | |
| 100 | @a19960423d1977 em y0chiy0121 ea | |
| 101 | 0 | @achi |
| 102 | @aCN@b110000 | |
| 102 | @aCN@b110000 | |
| 105 | @ay z 000yy | |
| 200 | 10 | @a苏联对外经济贸易基本统计@h1954-1975@Asu lian dui wai jing ji mao yi ji ben tong ji@f对外贸易部国际贸易研究所编@Fdui wai mao yi bu guo ji mao yi yan jiu suo bian |
| 210 | @a北京@c人民出版社@d1977 | |
| 215 | @a239页@c表格@d19cm | |
| 606 | @a对外贸易@y苏联 | |
| 690 | @aF75@v3 | |
| 711 | 0 | @a对外贸易部国际贸易研究所@Adui wai mao yi bu guo ji mao yi yan jiu suo@4编 |
| 801 | 0 | @aCN@bTSSF@c20060801 |
| 905 | @a10447@dF75@e12 | |
| 苏联对外经济贸易基本统计.1954-1975/对外贸易部国际贸易研究所编.-北京:人民出版社,1977 |
| 239页:表格;19cm |
| ISBN :CNY0.74 |
| ● |
| 相关链接 |
|
|
|
|
正题名:苏联对外经济贸易基本统计
索取号:F75/12
 
预约/预借
| 序号 | 登录号 | 条形码 | 馆藏地/架位号 | 状态 | 备注 |
| 1 | 0424385 | 204243853 | 密集书库/ [索取号:F75/12] | 在馆 | |
| 2 | 0441252 | 204412527 | 密集书库/ [索取号:F75/12] | 在馆 |